Les nouvelles esthétiques urbaines (notice n° 1511881)

détails MARC
000 -LEADER
fixed length control field 01603cam a2200133 4500500
005 - DATE AND TIME OF LATEST TRANSACTION
control field 20251012000914.0
041 ## - LANGUAGE CODE
Language code of text/sound track or separate title fre
042 ## - AUTHENTICATION CODE
Authentication code dc
100 10 - MAIN ENTRY--PERSONAL NAME
Personal name Blanc, Nathalie
Relator term author
245 00 - TITLE STATEMENT
Title Les nouvelles esthétiques urbaines
260 ## - PUBLICATION, DISTRIBUTION, ETC.
Name of publisher, distributor, etc. Armand Colin,<br/>
Date of publication, distribution, etc. 2012.<br/>
520 ## - SUMMARY, ETC.
Summary, etc. Sous l’impulsion d’associations militantes ou de politiques publiques, la ville se modifie. Le vert gagne du terrain. Plus profondément, plus durablement peut-être, l’environnement ordinaire des citadins contemporains est reconfiguré. Il se pare désormais d’une nouvelle esthétique urbaine, associée aux politiques de ville durable, d’urbanisme écologique…Cette esthétique transforme l’espace public. Son aspect ornemental réduit la ville et ses espaces à un décor vert, fabriqué par le capitalisme contemporain et la multiplication des innovations technologiques vertes. L’investissement des citoyens, sur un mode participatif et productif, laisse place à une ville «jardinée», écologisée et gérée en partenariat. De nouvelles manières d’habiter les lieux urbains émergent peu à peu.De telles évolutions dessinent-elles les prémices d’une restructuration de l’espace social dans son ensemble&amp;#8239;? Comment des enjeux urbains condensent-ils une métaphore nouvelle de l’espace public&amp;#8239;?Spécialisée dans les questions d’environnement et d’esthétique, Nathalie Blanc est directrice de recherche au Cnrs Umr Ladyss Paris 7.
856 41 - ELECTRONIC LOCATION AND ACCESS
Uniform Resource Identifier <a href="https://shs.cairn.info/les-nouvelles-esthetiques-urbaines--9782200248499?lang=fr&redirect-ssocas=7080">https://shs.cairn.info/les-nouvelles-esthetiques-urbaines--9782200248499?lang=fr&redirect-ssocas=7080</a>

Pas d'exemplaire disponible.

PLUDOC

PLUDOC est la plateforme unique et centralisée de gestion des bibliothèques physiques et numériques de Guinée administré par le CEDUST. Elle est la plus grande base de données de ressources documentaires pour les Étudiants, Enseignants chercheurs et Chercheurs de Guinée.

Adresse

627 919 101/664 919 101

25 boulevard du commerce
Kaloum, Conakry, Guinée

Réseaux sociaux

Powered by Netsen Group @ 2025